000 00893nam a2200205 i 4500
001 157953
003 ES-MaACL
005 20251218175518.0
008 991111s1878 it f |||| | ita d
100 1 _aLombroso, Cesare,
_d1835-1909
_9242173
245 1 2 _aL'uomo delinquente
_b: in rapporto all'antropologia, giurisprudenza e alle discipline carcerarie /
_cCesare Lombroso.
260 _aTorino ;
_aRoma ;
_aFirenze :
_bFratelli Bocca,
_c1878.
300 _a746 p., VII h. de lám. ;
_c23 cm.
505 8 _aContiene: ;
_tLa teoria della tutela penale del Prof. F. Poletti
650 7 _aAntropología criminal
_2embne
_99866
650 4 _aDelincuentes-
_xPsicología.
_911556
700 1 _aPoletti, Francesco,
_dn. 1821.
_tTeoria della tutela penale
_9131241
852 _aES-MaACL
_jD-184
_z- Enc. hol., conservando cub. original
_z. - Donativo Lastres
999 _c157953
_d157953